000 00683nam a2200277Ia 4500
005 20260324125501.0
008 008 260324s9999 xx 000 0 eng d
020 _a9780203708064
037 _aEBOOK
040 _aCRL
040 _beng
040 _cCRL
041 _2eng
041 _aeng
084 _qCRL
100 _aReginald McGinnis
_91178147
245 0 _aOriginality and Intellectual Property in the French and English Enlightenment
260 _bTaylor and Francis
260 _c2009
365 _a
365 _b255
856 _uhttp://www.taylorfrancis.com/books/9780203708064
942 _cEBOOK
999 _c1773466
_d1773466